| 000 | 01112nac a22003017a 4500 | ||
|---|---|---|---|
| 001 | BR8602995 | ||
| 003 | BR-BrBNA | ||
| 005 | 20240105120431.0 | ||
| 008 | 230509b bl.|||m| |||| 00| 0 por d | ||
| 040 |
_aBR-BrBNA _bpor _cBiblioteca Nacional de Agricultura |
||
| 072 | _aF08 | ||
| 090 | _a0430 BR8602995 | ||
| 100 | 1 | _aRibeiro, V.Q. | |
| 100 | 1 | _aSilva, E.C. da | |
| 100 | 1 | _aAndrade, D.F. de | |
| 110 | 1 | _aUnidade de Execucao de Pesquisa de Ambito Estadual de Teresina, PI (Brasil) | |
| 245 | 1 | _aTamanho e forma de parcelas de culturas consorciadas de algodoeiro herbaceo e milho [Gossypium hirsutum, Zea mays] | |
| 246 | 1 | _aSize and shape of plots in experiments with cotton intercropped with corn | |
| 260 | 3 |
_aTeresina, PI (Brasil): _c1986. |
|
| 300 | _a23 p. | ||
| 490 |
_aBoletim de Pesquisa - Unidade de Execucao de Pesquisa de Ambito Estadual de Teresina (Brazil) _vno. 8 _x |
||
| 500 | _a9 ref.; Summaries (En, Pt) | ||
| 650 | _aALGODAO HERBACEO | ||
| 650 | _aMILHO | ||
| 650 | _aCONSORCIACAO DE CULTURA | ||
| 909 |
_a202312 _bLúcia Elande _c55 _dLúcia Elande |
||
| 942 |
_2AGRIS _n0 _cMS |
||
| 999 |
_c279417 _d279417 |
||